Регионална библиотека "Любен Каравелов" - Русе

Арбанашките църкви (Запис номер 388279)

MARC детайли
000 -Лидер
Контролно поле с фиксирана дължина nkm a22 a 4500
003 - Код на организацията, давaща контролен номер
Контролно поле BLK
005 - Дата и час на последна редакция
Контролно поле 20230407095535.0
008 - Елементи от данни с фиксирана дължина
fixed length control field 200924b bu ||||| |||| 00| 0 bu d
040 ## - Източник на каталожния запис
Идентификатор на билиотеката - собственик на записа BLK
041 ## - Код за език
Код за езика на текст/звукозапис или на отделно заглавие Български
Код за езика КДБФ Български
080 ## - УДК
Текстов определител УДК История на България
УДК код - определител по УДК 94(497.2)
УДК - код + определител 94(497.2)(084)
080 ## - УДК
Текстов определител УДК Манастирски сгради. Религиозни домове
УДК код - определител по УДК 726.7
УДК - код + определител 726.7(497.2)(084)
100 ## - Редна дума - Автор
Автор Марди-Бабикова, Велда
Авторска отговорност авт.
R(LIN) 389356
139 ## - Редно поле
Редна дума Марди-Бабикова, Велда
Авторски знак Мар - М 29
245 ## - Сведения за заглавието
Заглавие Арбанашките църкви
Подзаглавни данни [Изобразителен материал] : [Албум]
Редно поле (дума) авт. В. Марди-Бабикова.
257 ## - Страна на издаване
Страна на създаване/издаване България
260 ## - Област на издателските данни
9 (RLIN) 210539
Име на издателя, разпространителя и проч. Септември
Година на издаване 1978
Издателство - префикс ISBN 954-406-
300 ## - Физическа характеристика
Страници 84 с.
Илюстрации и др. с цв. ил.
Размери/Мащаб 19х20 см
380 ## - Жанр
Жанр История
501 ## - Забележка „подвързано към”
Забележка: Подвързано към... Изд. на Комитет за култура-Национален институт за паметниците на културата ОНС- Окръжен съвет за култура -Велико Търново.
650 #0 - Допълнително описание по предмет – тема
Основно описание – тема или топоним Манастири, български
9 (RLIN) 161121
651 #7 - Допълнително описание по предмет - топоним
9 (RLIN) 178699
Географско понятие Великотърновско
852 ## - Местоположение
Фондова буква Хранилище
Форматна сигнатура Цб І 39923
999 ## - СИСТЕМНИ КОНТРОЛНИ НОМЕРА
Koha biblionumber 388279
Koha biblioitemnumber 388279
942 ## - АРТИКУЛИ
Вид на библиотечния материал Графични издания
Скрит в OPAC Не
Периодичен библиозапис Да
944 ## - СЪЗДАВАНЕ И РЕДАКЦИЯ на ЗАПИСА
Създаване/Редакция Създаване
Дата на регистрацията/редакция 2020-09-24
Служител, извършил регистрацията/редакцията К.Д.
Наличности
Код за отписване Код за изгубен артикул Източник на класификационната схема Код за повреда Коз за рестрикции Код за отдаване Артикулен № Име на библиотеката - собственик Име на библиотеката, в която се намира в момента Статус (Текущо местоположение) Дата на вписване в системата Местоположение - отдел Цена в лева Инвентарен номер Систематично азбучна сигнатура Баркод Цена в евро Служебен тип на артикула
  Не е изгубен Universal Decimal Classification Не е повреден само за читалня ползва се в читалня 801180 Регионална библиотека "Любен Каравелов" Русе Регионална библиотека "Любен Каравелов" Русе Хранилище 2020-09-28 Хранилище 2.45 266889 Цб І 39923 120000266889 1.25 Графични издания
Vip Innovations Ltd, Rousse, Bulgaria 2025